logo

Bir Sreshtho Munshi Abdur Rouf Library
Jhenaidah Cadet College

বাংলাদেশের সরকার ১৯৭১ / (Record no. 13101)

MARC details
000 -LEADER
fixed length control field 00743nam a2200229 a 4500
001 - CONTROL NUMBER
JCCL Control Number 13101
003 - CONTROL NUMBER IDENTIFIER
JCCL marc code BD-JhCC
005 - DATE AND TIME OF LATEST TRANSACTION
control field 20230710105002.0
008 - FIXED-LENGTH DATA ELEMENTS--GENERAL INFORMATION
fixed length control field 230710s2020 b |||| |||| 000 0 ben d
020 ## - INTERNATIONAL STANDARD BOOK NUMBER
International Standard Book Number 9840759639
035 ## - SYSTEM CONTROL NUMBER
system control number (BD-JhCC)130101
040 ## - CATALOGING SOURCE
Original cataloging agency BD-JhCC
Modifying agency BD-JhCC
041 ## - LANGUAGE CODE
Language code of Book ben
082 ## - DEWEY DECIMAL CLASSIFICATION NUMBER
Classification number 355
Author mark and Year IMA 2020
100 ## - MAIN ENTRY--PERSONAL NAME
Personal name ইমাম, এইচ. টি.
245 ## - TITLE STATEMENT
Title বাংলাদেশের সরকার ১৯৭১ /
Statement of responsibility, etc এইচ. টি. ইমাম
260 ## - PUBLICATION, DISTRIBUTION, ETC. (IMPRINT)
Place of publication, distribution, etc ঢাকা :
Name of publisher, distributor, etc বাংলা একাডেমী,
Date of publication, distribution, etc ২০২০
300 ## - PHYSICAL DESCRIPTION
Pagination ৫২১ পৃ. :
Dimensions ২৩ সেমি.
650 ## - SUBJECT ADDED ENTRY--TOPICAL TERM
Topical term or geographic name as entry element Public administration
Geographic subdivision Bangladesh
650 ## - SUBJECT ADDED ENTRY--TOPICAL TERM
Topical term or geographic name as entry element Politices and Governmrnt
Chronological subdivision 1971
942 ## - ADDED ENTRY ELEMENTS (KOHA)
Source of classification or shelving scheme Dewey Decimal Classification
Koha item type Books
Holdings
Source of classification or shelving scheme Damaged status Not for loan Home library Current library Shelving location Date of accession Source of acquisition Cost, normal purchase price Total Checkouts Full call number Barcode Date last seen Copy number Method of acquisition Koha item type Currency
Dewey Decimal Classification     JCC Rouf Library JCC Rouf Library General Stacks 06/23/2023 জাতীয় গ্রন্থকেন্দ্র 660.00   355 IMA 2020 17854 07/10/2023 C-1 Purchase Books BDT

JCC Library | Contacts | JCC Home

Last Update on 23 September 2017
Copyright @ 2017-2020 JCC Rouf Library
Rouf Library, Jhenidah Cadet College (JCC), Bangladesh